History Quiz

Random History or Famous Quiz
Score 0/20 Timer 06:00
0 Plays Today
% Correct
Martin Luther King Jr.
96%
Marilyn Monroe
93.9%
Elvis Presley
92.9%
Rosa Parks
90.5%
Arnold Schwarzenegger
88.4%
Alfred Hitchcock
87.3%
Winston Churchill
86.9%
Bob Marley
85.8%
Babe Ruth and Lou Gehrig
85.6%
Ronald Reagan
85.4%
% Correct
Angela Merkel
84.8%
Steve Jobs
82.4%
Salvador Dalí
79.5%
Nikola Tesla
74.1%
Vladimir Lenin
72.3%
Ernest Hemingway
68.3%
Nicholas II of Russia
66.4%
Otto Frank
57.2%
Helen Keller
54.2%
Buzz Aldrin
51.3%
Remove Ads.
Support Sporcle.
Get the best of Sporcle when you Go Orange. This ad-free experience offers more features, more stats, and more fun while also helping to support Sporcle. Thank you for becoming a member.

You're not logged in!

Compare scores with friends on all Sporcle quizzes.
OR
Log In

Show Comments

Extras

Top Quizzes Today


Score Distribution

Your Account Isn't Verified!

In order to create a playlist on Sporcle, you need to verify the email address you used during registration. Go to your Sporcle Settings to finish the process.

Report this User

Report this user for behavior that violates our Community Guidelines.

Details: